01701nam a2200337 i 450000500170000000700030001700800410002002000150006104000350007604100080011104300120011908400120013124501010014325000220024426400670026630000250033333600270035833700330038533800280041849000130044650400410045950503970050054501350089765000510103265000530108365000300113670000400116694200150120699900150122195201270123620220317000453.0ta200419s2004 ck a gr 000 p spa d a9586557960 aCO-BoRNBPbspaerdacCO-BoRNBP0 aspa as-ck--- aP POE1100aPoesía para niñosbantología de poesía escrita en españolcCompiladora Natalia Pikouch aSegunda edición 1aMedellín, ColombiabEditorial Universidad de Antioquiac2004 a412 páginasc22 cm atextobtxt2rdacontent asin mediaciónbn2rdamedia avolumenbnc2rdacarrier0 aArcoiris aIncluye referencias bibliográficas1 aPoemas que cuentan historias -- Poemas-fábulas -- Poemas para pensar -- Poemas de sol -- Poemas para reír y jugar -- Poemas sobre plantas -- Poemas sobre animales -- Poemas sobre paisajes -- Poemas de vejez -- Poemas de agua y tierra -- Poemas de cielo y aire -- Poemas de noche y luna -- Poemas de amor -- Poemas de tristeza -- Poemas religiosos -- Canciones de cuna -- Canciones de cuna aIncluye datos biográficos de la compiladora en la solapa y de los autores que forman parte de la compilación a final del texto17aPoesía infantil colombianaySiglo XX2ARMARC17aLiteratura infantil colombianaySiglo XX2ARMARC17aNiñosvPoesía2ARMARC1 aPikouch, Nataliaecompilador977081 2loccBKLIT c4135d4135 00102ddc40708INFaMESJUANIbMESJUANIcSInfd2024-07-10l0oP POE1pSJU00880r2024-07-10 10:34:41tEj.1w2024-07-10yBK